| 000 | 00385cam a2200145ua 4500 | ||
|---|---|---|---|
| 008 | 250122b |||||||| |||| 00| 0 eng d | ||
| 041 | _aeng | ||
| 082 |
_a621.8152 _bBHA/MA |
||
| 100 |
_aBhatt, N.D . _91433 |
||
| 245 | _aMachine drawing (Text of Engineering Drawing) / | ||
| 250 | _a1 / | ||
| 260 |
_aIndia : _bCharotar publishing house , _c1986. |
||
| 300 | _a214 ; . | ||
| 942 | _cBK | ||
| 999 |
_c2200 _d2200 |
||